000 00705nam a2200217 i 4500
001 C2-0322001
003 PPAK
005 20180728121036.0
008 130325s2003 my a|||| ||||| | may d
040 _aPPAK
_beng
_cPPAK
_erda
082 0 4 _a352.6309595
_223
090 0 0 _a352.6309595
_bTAK
_dKK
245 0 0 _aTaklimat pelaksanaan PTK di bawah SSM bagi anggota skim perkhidmatan perpustakaan
264 1 _aKuala Lumpur :
_bPerpustakaan Negara Malaysia ,
_c2003
300 _a[52 pages] :
_billustrations ;
_c21 cm
336 _2rdacontent
_atext
337 _2rdamedia
_aunmediated
338 _2rdacarrier
_avolume
650 1 0 _aCivil service - Malaysia - Examinations - Congresses
942 _ddc
_cB
999 _c122392
_d122392